Nové perspektívy inteligentných miest v ázijskom regióne diplomová práca

Na minha lista:
Detalhes bibliográficos
Autor principal: Fornerová, Lucia
Autor Corporativo: Fakulta medzinárodných vzťahov EU. Katedra medzinárodných ekonomických vzťahov a hospodárskej diplomacie
Outros Autores: Baculáková, Kristína, 1988-
Formato: Livro
Idioma:eslovaco
Publicado em: Bratislava 2025
Tags: Adicionar Tag
Sem tags, seja o primeiro a adicionar uma tag!

MARC

LEADER 00000nbm a2200000 4500
001 0309523
005 20260115110240.0
041 0 |a slo 
044 |a SK 
245 1 0 |a Nové perspektívy inteligentných miest v ázijskom regióne  |b diplomová práca  |c Lucia Fornerová ; školiteľ: Kristína Baculáková 
264 1 |a Bratislava  |c 2025 
300 |a 78 s. 
100 1 |a Fornerová, Lucia 
700 1 |a Baculáková, Kristína, 1988- 
710 2 |a Fakulta medzinárodných vzťahov EU. Katedra medzinárodných ekonomických vzťahov a hospodárskej diplomacie